Welcome to CU Library Online Public Access Catalogue (OPAC)

Interpersonal conflict / (Record no. 2927)

MARC details
000 -LEADER
fixed length control field 00705cam a2200229 a 4500
001 - CONTROL NUMBER
control field 4015121
005 - DATE AND TIME OF LATEST TRANSACTION
control field 20250123125621.0
008 - FIXED-LENGTH DATA ELEMENTS--GENERAL INFORMATION
fixed length control field 970327s1998 maua b 001 0 eng
020 ## - INTERNATIONAL STANDARD BOOK NUMBER
International Standard Book Number 0697327248 (acidfree paper)
050 00 - LIBRARY OF CONGRESS CALL NUMBER
Classification number HM132
Item number .H62 1998
082 00 - DEWEY DECIMAL CLASSIFICATION NUMBER
Classification number 303.6/9
Edition information 21
100 1# - MAIN ENTRY--PERSONAL NAME
Personal name Wilmot, William W.
245 10 - TITLE STATEMENT
Title Interpersonal conflict /
Statement of responsibility, etc. William W. Wilmot, Joyce L. Hocker.
250 ## - EDITION STATEMENT
Edition statement 5th ed.
260 ## - PUBLICATION, DISTRIBUTION, ETC.
Place of publication, distribution, etc. Boston, Mass. :
Name of publisher, distributor, etc. McGraw-Hill,
Date of publication, distribution, etc. c1998.
300 ## - PHYSICAL DESCRIPTION
Extent xiii, 290 p. :
Other physical details ill. ;
Dimensions 24 cm.
500 ## - GENERAL NOTE
General note Hocker's name appears first on the earlier editions.
650 #0 - SUBJECT ADDED ENTRY--TOPICAL TERM
Topical term or geographic name entry element Interpersonal conflict.
650 #0 - SUBJECT ADDED ENTRY--TOPICAL TERM
Topical term or geographic name entry element Conflict (Psychology)
700 1# - ADDED ENTRY--PERSONAL NAME
Personal name Hocker, Joyce L.
942 ## - ADDED ENTRY ELEMENTS (KOHA)
Source of classification or shelving scheme Library of Congress Classification
Koha item type Books
Suppress in OPAC No
999 ## -
-- 2927
-- 2927
Holdings
Withdrawn status Lost status Source of classification or shelving scheme Damaged status Not for loan Collection Home library Current library Shelving location Date acquired Total checkouts Full call number Barcode Date last seen Copy number Price effective from Koha item type
    Library of Congress Classification     Non-fiction Undergraduate Library (Christ Temple) Undergraduate Library (Christ Temple) General stacks 01/23/2025   HM132 HOC ulct00000890 01/23/2025 1 01/23/2025 Books
© 2023-2024 Copyright: Central University Libraries. All Rights Reserved | Created by: Mahone Tech Office